000 00793nam a2200229Ia 4500
001 15916
003 GE_BSU
008 181216s||||||||xx |||||||||||||| ||und||
040 _cGE_BSU
080 _a82-93
100 _aჯავახიშვილი, დავით
245 _aბიძია სევა
245 _bმოთხრობები. უმცროსი სასკოლო ასაკის ბავშვთათვის
245 _cრედ.რ.ინანიშვილი. მხ.დ.ერისთავი
260 _aთბილისი
260 _bნაკადული
260 _c1967
300 _a49გვ. ; 20სმ
653 _aბიძია სევა
653 _aმოთხრობები
942 _cBK
999 _c49011
_d49011